000 00449nam a2200181Ia 4500
001 1572
005 20260306143738.0
008 260306t2010||||xx |||||||||||||| ||spa||
041 _aESP
082 _a152
_bC28A
100 _aCarlson, Neil R.
_eAUT
245 0 _aApéndices de fundamentos de fisiología de la conducta
260 _c2010
300 _apáginas : 498-580
_c29 cm.
650 _aGEN
654 _aCPS
942 _cLIB
_dJUS
_fJUS
_2ddc
_n
999 _c1572
_d1572